000 00373nam a2200145Ia 4500
008 230917s9999||||xx |||||||||||||| ||und||
040 _e116138
_aMAIN
041 _aEnglish
082 _a005.133 D642C
100 _aDixit, J B
245 0 _aComputer fundamentals and programming in C
260 _aNew Delhi
_bLaxmi Publications
_c2008
300 _a548 p.
942 _cBK
999 _c143543
_d143543